[Event "RN-2019-0-01504"]
[Site "LSS email"]
[Date "2019.01.30"]
[Round "?"]
[White "Stehling, Eva"]
[Black "Evtyugin, Yury Alekseevich"]
[Result "1/2-1/2"]
[WhiteElo "956"]
[BlackElo "948"]
[PlyCount "101"]
[EventDate "2019.01.10"]
[EventType "tourn (corr)"]
[EventRounds "6"]
[EventCountry "GER"]
[SourceTitle "Corr 2022"]
[Source "ChessBase"]
[SourceDate "2021.10.24"]
[SourceVersion "1"]
[SourceVersionDate "2021.10.24"]
[SourceQuality "1"]

1. d4 d5 2. c4 e6 3. e3 Bb4+ 4. Bd2 Bxd2+ 5. Nxd2 Nf6 6. Ngf3 0-0 7. Bd3 c6 8. 0-0 Nbd7 9. Re1 dxc4 10. Nxc4 Ne8 11. Qc2 h6 12. a3 Qf6 13. b4 a6 14. Nfd2 e5 15. dxe5 Nxe5 16. Nxe5 Qxe5 17. Rac1 Nd6 18. Nf3 Qe7 19. Red1 Bg4 20. Be2 Bf5 21. Qc5 Rad8 22. Rxd6 Qxd6 23. Qxf5 Rd7 24. g3 Rfd8 25. Rd1 Qc7 26. Rxd7 Qxd7 27. Qxd7 Rxd7 28. Nd4 Kf8 29. Kg2 g6 30. Kf3 Ke7 31. Ke4 Kd6 32. Bc4 c5 33. Nc2 b5 34. Bb3 c4 35. Ba2 Ke6 36. Nd4+ Kf6 37. f4 Rd6 38. Kf3 Rd8 39. Ke2 Rd6 40. Bb1 Ke7 41. Nc2 Kf6 42. e4 Ke7 43. Ne3 Rd8 44. Nd5+ Kd6 45. Ke3 f5 46. Nc3 Re8 47. e5+ Ke6 48. Bc2 g5 49. Bd1 Rd8 50. Be2 g4 51. Bf1 1/2-1/2

[Event "RN-2019-0-01502"]
[Site "LSS email"]
[Date "2019.01.16"]
[Round "?"]
[White "Lombardi, Donato"]
[Black "Stehling, Eva"]
[Result "1-0"]
[WhiteElo "744"]
[BlackElo "981"]
[PlyCount "43"]
[EventDate "2019.01.06"]
[EventType "tourn (corr)"]
[EventRounds "6"]
[EventCountry "GER"]
[SourceTitle "Corr 2022"]
[Source "ChessBase"]
[SourceDate "2021.10.24"]
[SourceVersion "1"]
[SourceVersionDate "2021.10.24"]
[SourceQuality "1"]

1. e4 e5 2. Nf3 Nf6 3. Nxe5 d6 4. Nf3 Nxe4 5. d4 d5 6. Bd3 Nf6 7. 0-0 Be7 8. Bg5 0-0 9. Nbd2 Re8 10. c3 Bg4 11. Qc2 c6 12. Rfe1 h6 13. Bh4 Nbd7 14. Bf5 Bxf5 15. Qxf5 Qb6 16. b4 a5 17. a3 axb4 18. axb4 Qc7 19. Rxa8 Rxa8 20. Rxe7 Qd6 21. Bxf6 gxf6 22. Rxd7 1-0

[Event "RF-2019-0-00460"]
[Site "LSS email"]
[Date "2019.01.08"]
[Round "?"]
[White "Lauer, Frederic"]
[Black "Stehling, Eva"]
[Result "1-0"]
[WhiteElo "1243"]
[BlackElo "955"]
[PlyCount "47"]
[EventDate "2018.12.09"]
[EventType "tourn (corr)"]
[EventRounds "6"]
[EventCountry "GER"]
[SourceTitle "Corr 2022"]
[Source "ChessBase"]
[SourceDate "2021.10.24"]
[SourceVersion "1"]
[SourceVersionDate "2021.10.24"]
[SourceQuality "1"]

1. e4 e5 2. Nf3 Nf6 3. Nc3 d6 4. d4 exd4 5. Nxd4 g6 6. Be3 Bg7 7. Bc4 0-0 8. f3 Bd7 9. Qd2 Re8 10. 0-0-0 Nc6 11. Nxc6 bxc6 12. h4 a5 13. a3 Be6 14. Bxe6 fxe6 15. Bg5 Qd7 16. e5 Nd5 17. Nxd5 exd5 18. exd6 cxd6 19. Rhe1 Rxe1 20. Rxe1 a4 21. Re7 Qc8 22. Qf4 Qf8 23. Qxd6 Re8 24. Qe6+ 1-0

[Event "RF-2019-0-00460"]
[Site "LSS email"]
[Date "2019.01.08"]
[Round "?"]
[White "Stehling, Eva"]
[Black "Shim Ng Min, Francis"]
[Result "0-1"]
[WhiteElo "955"]
[BlackElo "1227"]
[PlyCount "74"]
[EventDate "2018.12.09"]
[EventType "tourn (corr)"]
[EventRounds "6"]
[EventCountry "GER"]
[SourceTitle "Corr 2022"]
[Source "ChessBase"]
[SourceDate "2021.10.24"]
[SourceVersion "1"]
[SourceVersionDate "2021.10.24"]
[SourceQuality "1"]

1. d4 Nf6 2. c4 e6 3. Nf3 d5 4. cxd5 exd5 5. Bg5 Be7 6. Nc3 0-0 7. e3 c6 8. Bd3 Nbd7 9. 0-0 h6 10. Bxf6 Nxf6 11. Re1 Bg4 12. h3 Bxf3 13. Qxf3 Bb4 14. a3 Bd6 15. e4 dxe4 16. Nxe4 Nxe4 17. Qxe4 g6 18. Bc4 Kg7 19. g4 Qg5 20. Qf3 Qf4 21. Qxf4 Bxf4 22. Re7 b6 23. Rae1 Bg5 24. Rc7 Bf6 25. Rxc6 Bxd4 26. b3 Bb2 27. a4 Ba3 28. Rd1 Bc5 29. Rd7 Rad8 30. Rcc7 Rxd7 31. Rxd7 a5 32. Kg2 g5 33. Kg3 Kf6 34. f4 gxf4+ 35. Kxf4 Bb4 36. Rb7 Bc5 37. Rc7 Bd6+ 0-1

[Event "RN-2019-0-01498"]
[Site "LSS email"]
[Date "2019.01.05"]
[Round "?"]
[White "Stehling, Eva"]
[Black "Neuhausen, Rainer"]
[Result "1-0"]
[WhiteElo "983"]
[BlackElo "931"]
[PlyCount "53"]
[EventDate "2018.12.24"]
[EventType "tourn (corr)"]
[EventRounds "6"]
[EventCountry "GER"]
[SourceTitle "Corr 2022"]
[Source "ChessBase"]
[SourceDate "2021.10.24"]
[SourceVersion "1"]
[SourceVersionDate "2021.10.24"]
[SourceQuality "1"]

1. d4 d5 2. c4 c6 3. cxd5 cxd5 4. Nc3 Nf6 5. Nf3 e6 6. Bg5 Be7 7. e3 0-0 8. Bd3 h6 9. Bxf6 Bxf6 10. 0-0 Nc6 11. a3 Bd7 12. Qe2 Rc8 13. Rac1 Re8 14. Rc2 a6 15. Rfc1 Na7 16. h3 b5 17. b4 Bc6 18. Nd1 Bb7 19. Rxc8 Nxc8 20. Bb1 Nb6 21. Qd3 g6 22. Ne5 Bxe5 23. dxe5 Nc4 24. g3 Qg5 25. Kh2 Qxe5 26. f4 Qe4 27. Qe2 1-0

[Event "RN-2018-0-01495"]
[Site "LSS email"]
[Date "2018.12.26"]
[Round "?"]
[White "Neumann, Otto"]
[Black "Stehling, Eva"]
[Result "1-0"]
[WhiteElo "946"]
[BlackElo "955"]
[PlyCount "51"]
[EventDate "2018.12.16"]
[EventType "tourn (corr)"]
[EventRounds "6"]
[EventCountry "GER"]
[SourceTitle "Corr 2022"]
[Source "ChessBase"]
[SourceDate "2021.10.24"]
[SourceVersion "1"]
[SourceVersionDate "2021.10.24"]
[SourceQuality "1"]

1. d4 d5 2. c4 dxc4 3. e4 g6 4. Bxc4 Bg7 5. f4 Nf6 6. Nc3 0-0 7. Nge2 Nbd7 8. 0-0 Nb6 9. Bb3 Bg4 10. Be3 c6 11. h3 Bxe2 12. Qxe2 Qc7 13. f5 Rad8 14. fxg6 hxg6 15. e5 Nfd5 16. Bd2 Nxc3 17. bxc3 Nd5 18. h4 f6 19. e6 Rd6 20. Qg4 Qc8 21. Rae1 Kh7 22. Bc2 f5 23. Qg5 Rxe6 24. h5 gxh5 25. Bxf5+ Rxf5 26. Qxf5+ 1-0

[Event "RN-2018-0-01495"]
[Site "LSS email"]
[Date "2018.12.26"]
[Round "?"]
[White "Stehling, Eva"]
[Black "Strnad, Pavel"]
[Result "0-1"]
[WhiteElo "955"]
[BlackElo "511"]
[PlyCount "26"]
[EventDate "2018.12.16"]
[EventType "tourn (corr)"]
[EventRounds "6"]
[EventCountry "GER"]
[SourceTitle "Corr 2022"]
[Source "ChessBase"]
[SourceDate "2021.10.24"]
[SourceVersion "1"]
[SourceVersionDate "2021.10.24"]
[SourceQuality "1"]

1. d4 Nf6 2. c4 g6 3. Nc3 d6 4. Bg5 Bg7 5. Bxf6 Bxf6 6. e4 e5 7. d5 Bg4 8. Be2 Bxe2 9. Ngxe2 Nd7 10. 0-0 0-0 11. f4 exf4 12. Rxf4 Be5 13. Rh4 Qxh4 0-1

[Event "RN-2018-0-01495"]
[Site "LSS email"]
[Date "2018.12.25"]
[Round "?"]
[White "Stehling, Eva"]
[Black "Tolnai, Rudolf"]
[Result "1/2-1/2"]
[WhiteElo "955"]
[BlackElo "822"]
[PlyCount "131"]
[EventDate "2018.12.16"]
[EventType "tourn (corr)"]
[EventRounds "6"]
[EventCountry "GER"]
[SourceTitle "Corr 2022"]
[Source "ChessBase"]
[SourceDate "2021.10.24"]
[SourceVersion "1"]
[SourceVersionDate "2021.10.24"]
[SourceQuality "1"]

1. d4 d5 2. c4 Bf5 3. e3 Bxb1 4. Rxb1 Nf6 5. Nf3 e6 6. Bd2 Nc6 7. cxd5 Qxd5 8. a3 Ne4 9. Bd3 Nxd2 10. Qxd2 Bd6 11. 0-0 0-0 12. Qc2 h6 13. Rfc1 Ne7 14. Be4 Qh5 15. Bxb7 Rab8 16. Ba6 Ng6 17. Be2 Qd5 18. Bd3 Qh5 19. Bxg6 fxg6 20. Qe4 Rf6 21. g3 Qxf3 22. Qxf3 Rxf3 23. Kg2 Rbf8 24. Rc2 g5 25. Rf1 g4 26. Rc6 a5 27. Ra6 R8f5 28. e4 Rb5 29. e5 Bf8 30. Rxe6 Rxb2 31. Rc6 Bxa3 32. Rxc7 Rd3 33. Re1 Rxd4 34. e6 Rb8 35. e7 Re8 36. Ra7 Ra4 37. Rd7 Kf7 38. Ra1 Rxe7 39. Rd3 Ra7 40. Rdxa3 Rxa3 41. Rxa3 Ke6 42. Ra4 h5 43. h3 gxh3+ 44. Kxh3 g5 45. f4 Kf5 46. fxg5 Kxg5 47. g4 hxg4+ 48. Rxg4+ Kf5 49. Ra4 Ke5 50. Kg3 Kd5 51. Kf3 Kc5 52. Ke3 Kb5 53. Rh4 Rd7 54. Ke2 a4 55. Rh1 a3 56. Rh8 Kc4 57. Rc8+ Kb3 58. Rb8+ Kc2 59. Ra8 Re7+ 60. Kf3 Kb2 61. Rb8+ Ka1 62. Kf2 a2 63. Kf1 Rc7 64. Ke1 Rc2 65. Kd1 Rb2 66. Rc8 1/2-1/2

[Event "RN-2018-0-01494"]
[Site "LSS email"]
[Date "2018.12.24"]
[Round "?"]
[White "Bester, Kazimierz"]
[Black "Stehling, Eva"]
[Result "0-1"]
[WhiteElo "687"]
[BlackElo "955"]
[PlyCount "94"]
[EventDate "2018.12.14"]
[EventType "tourn (corr)"]
[EventRounds "6"]
[EventCountry "GER"]
[SourceTitle "Corr 2022"]
[Source "ChessBase"]
[SourceDate "2021.10.24"]
[SourceVersion "1"]
[SourceVersionDate "2021.10.24"]
[SourceQuality "1"]

1. d4 d5 2. Nf3 e6 3. e3 c5 4. c3 Nf6 5. Be2 b6 6. 0-0 Bb7 7. Nbd2 Nc6 8. Bb5 c4 9. Ne5 Qc7 10. Qa4 Rc8 11. Ndf3 Nd7 12. Nxc6 Bxc6 13. Bxc6 Qxc6 14. Qxc6 Rxc6 15. Ng5 Be7 16. f4 Bxg5 17. fxg5 0-0 18. Bd2 e5 19. dxe5 Nxe5 20. Rab1 Nd3 21. Rf5 Rd8 22. h4 g6 23. Rff1 Re6 24. Kh2 Re4 25. g3 Kg7 26. Kg2 Rh8 27. Rf6 h6 28. Rd6 Re5 29. gxh6+ Rxh6 30. e4 Rhh5 31. Rxd5 Rxd5 32. exd5 Rxd5 33. Be3 f5 34. Bd4+ Kf7 35. b4 Ke6 36. a4 Kd6 37. Kf3 Kc6 38. Rh1 Nxb4 39. cxb4 Rxd4 40. Ke3 Kd5 41. Rb1 Ke5 42. a5 b5 43. Kf3 Rd3+ 44. Kg2 Kd4 45. a6 c3 46. Rf1 c2 47. Rf4+ Kc3 0-1

[Event "RN-2018-0-01494"]
[Site "LSS email"]
[Date "2018.12.24"]
[Round "?"]
[White "Stehling, Eva"]
[Black "Digiglio, Rafael"]
[Result "1-0"]
[WhiteElo "955"]
[BlackElo "641"]
[PlyCount "57"]
[EventDate "2018.12.14"]
[EventType "tourn (corr)"]
[EventRounds "6"]
[EventCountry "GER"]
[SourceTitle "Corr 2022"]
[Source "ChessBase"]
[SourceDate "2021.10.24"]
[SourceVersion "1"]
[SourceVersionDate "2021.10.24"]
[SourceQuality "1"]

1. d4 Nc6 2. c4 e5 3. d5 Nd4 4. e3 Nf5 5. Bd3 Nh4 6. Qg4 d6 7. Qg3 Nf5 8. Qf3 Nh4 9. Qe2 Bf5 10. e4 Nxg2+ 11. Kd1 Bd7 12. Nf3 Nf4 13. Bxf4 exf4 14. Rg1 h6 15. Na3 g5 16. Nc2 Bg7 17. Rb1 c5 18. b4 cxb4 19. Rxb4 b6 20. Nfd4 a5 21. Rb1 Ne7 22. f3 Bh3 23. Nb5 0-0 24. Ncd4 Ng6 25. Nc6 Qd7 26. Qf2 Nh4 27. Be2 f5 28. Kd2 fxe4 29. fxe4 1-0

[Event "RN-2018-0-01494"]
[Site "LSS email"]
[Date "2018.12.23"]
[Round "?"]
[White "Bortnicker, Justin"]
[Black "Stehling, Eva"]
[Result "1/2-1/2"]
[WhiteElo "981"]
[BlackElo "955"]
[PlyCount "124"]
[EventDate "2018.12.14"]
[EventType "tourn (corr)"]
[EventRounds "6"]
[EventCountry "GER"]
[SourceTitle "Corr 2022"]
[Source "ChessBase"]
[SourceDate "2021.10.24"]
[SourceVersion "1"]
[SourceVersionDate "2021.10.24"]
[SourceQuality "1"]

1. e4 d6 2. f4 c5 3. Nf3 Nc6 4. Bc4 h6 5. d3 Na5 6. Bb3 Nxb3 7. axb3 Nf6 8. 0-0 b6 9. Nc3 Bb7 10. Nb5 a6 11. Nc3 e6 12. Bd2 Be7 13. e5 dxe5 14. fxe5 Nd7 15. Bf4 0-0 16. Qd2 Nb8 17. Ra4 Nc6 18. Bxh6 Nb4 19. Be3 Qc7 20. Bf4 Rad8 21. Na2 Nxa2 22. Rxa2 Qc6 23. Qf2 f6 24. Qg3 Kf7 25. Nh4 Rg8 26. Ng6 Ke8 27. Rf2 Kd7 28. Nxe7 Kxe7 29. Ra1 Rd4 30. Be3 Rdd8 31. Raf1 Rdf8 32. c4 f5 33. d4 cxd4 34. Bxd4 b5 35. b4 Kd7 36. Rd1 Kc8 37. c5 Rd8 38. Rfd2 Qe4 39. Qe3 Qg4 40. h3 Qg6 41. Bc3 Rxd2 42. Rxd2 Qf7 43. Rd6 Rd8 44. c6 Ba8 45. Qb6 Qc7 46. Qxc7+ Kxc7 47. Rxe6 Bxc6 48. Rg6 Rd7 49. g3 Re7 50. h4 Kb7 51. e6 Bd5 52. Rxg7 Rxg7 53. Bxg7 Bxe6 54. h5 Kc7 55. h6 Bg8 56. Kf2 Kd6 57. Ke3 Kd5 58. b3 Bh7 59. Bf8 Ke6 60. Kd4 Kf7 61. Bg7 Kg6 62. Kc5 Bg8 1/2-1/2

[Event "SN-2018-0-00952"]
[Site "LSS email"]
[Date "2018.12.03"]
[Round "?"]
[White "Ortiz, Juan Guillermo"]
[Black "Stehling, Eva"]
[Result "1-0"]
[WhiteElo "436"]
[BlackElo "968"]
[PlyCount "45"]
[EventDate "2018.11.04"]
[EventType "tourn (corr)"]
[EventRounds "6"]
[EventCountry "GER"]
[SourceTitle "Corr 2022"]
[Source "ChessBase"]
[SourceDate "2021.10.24"]
[SourceVersion "1"]
[SourceVersionDate "2021.10.24"]
[SourceQuality "1"]

1. e4 e5 2. Nf3 Nf6 3. Nxe5 d6 4. Nf3 Nxe4 5. d3 Nf6 6. Nc3 Be7 7. Be3 0-0 8. Be2 Nc6 9. d4 Bg4 10. h3 Bxf3 11. Bxf3 Re8 12. 0-0 a6 13. Ne4 Nxe4 14. Bxe4 Bf6 15. f3 d5 16. Bxh7+ Kxh7 17. Qd3+ Kg8 18. c3 Na5 19. b3 Qd6 20. Rae1 Re6 21. f4 Rae8 22. c4 dxc4 23. bxc4 1-0

[Event "SN-2018-0-00952"]
[Site "LSS email"]
[Date "2018.12.03"]
[Round "?"]
[White "Stehling, Eva"]
[Black "Etchepareborda, Juan"]
[Result "1-0"]
[WhiteElo "968"]
[BlackElo "1174"]
[PlyCount "71"]
[EventDate "2018.11.04"]
[EventType "tourn (corr)"]
[EventRounds "6"]
[EventCountry "GER"]
[SourceTitle "Corr 2022"]
[Source "ChessBase"]
[SourceDate "2021.10.24"]
[SourceVersion "1"]
[SourceVersionDate "2021.10.24"]
[SourceQuality "1"]

1. d4 Nf6 2. c4 g6 3. Nc3 Bg7 4. Nf3 0-0 5. e3 b6 6. Be2 Bb7 7. 0-0 e6 8. b3 d5 9. Bb2 dxc4 10. bxc4 c5 11. dxc5 bxc5 12. Rb1 Nbd7 13. Na4 Rb8 14. Ne5 Nxe5 15. Bxe5 Ne4 16. Bxb8 Qxb8 17. Qc2 Nd6 18. Nxc5 Qc7 19. Nxb7 Nxb7 20. Bf3 Nd6 21. c5 Nf5 22. Rb7 Qa5 23. Rd1 Qa6 24. Rdd7 Qa5 25. g3 Qe1+ 26. Kg2 Qa5 27. c6 Qa6 28. c7 Nd6 29. Rxd6 Qxd6 30. c8Q Rxc8 31. Qxc8+ Bf8 32. Qe8 Kg7 33. Qxf7+ Kh6 34. h4 Qxg3+ 35. fxg3 g5 36. Qxh7# 1-0

[Event "RN-2018-0-01487"]
[Site "LSS email"]
[Date "2018.12.02"]
[Round "?"]
[White "Cherry, Brian"]
[Black "Stehling, Eva"]
[Result "0-1"]
[WhiteElo "345"]
[BlackElo "968"]
[PlyCount "44"]
[EventDate "2018.11.15"]
[EventType "tourn (corr)"]
[EventRounds "6"]
[EventCountry "GER"]
[SourceTitle "Corr 2022"]
[Source "ChessBase"]
[SourceDate "2021.10.24"]
[SourceVersion "1"]
[SourceVersionDate "2021.10.24"]
[SourceQuality "1"]

1. e4 e5 2. Nf3 Nf6 3. Nc3 d6 4. d4 exd4 5. Nxd4 Be7 6. Bg5 0-0 7. Qd2 Re8 8. 0-0-0 Nxe4 9. Nxe4 Bg4 10. f3 Bh5 11. Bb5 c6 12. Ba4 d5 13. Bxe7 Rxe7 14. Ng3 Bg6 15. c3 h6 16. Bc2 Bxc2 17. Qxc2 Nd7 18. Rde1 Nc5 19. Rxe7 Qxe7 20. Qe2 Qd7 21. Qf2 Re8 22. Re1 Nd3+ 0-1

[Event "RN-2018-0-01483"]
[Site "LSS email"]
[Date "2018.11.15"]
[Round "?"]
[White "Bester, Kazimierz"]
[Black "Stehling, Eva"]
[Result "0-1"]
[WhiteElo "677"]
[BlackElo "968"]
[PlyCount "102"]
[EventDate "2018.11.02"]
[EventType "tourn (corr)"]
[EventRounds "6"]
[EventCountry "GER"]
[SourceTitle "Corr 2022"]
[Source "ChessBase"]
[SourceDate "2021.10.24"]
[SourceVersion "1"]
[SourceVersionDate "2021.10.24"]
[SourceQuality "1"]

1. d4 d5 2. Nf3 g6 3. e3 Bg7 4. Be2 Nd7 5. 0-0 c5 6. c3 cxd4 7. exd4 Ngf6 8. Nbd2 0-0 9. Ne5 Nxe5 10. dxe5 Nd7 11. f4 e6 12. Nf3 Nc5 13. Be3 Qe7 14. Qd4 Nd7 15. Bf2 b6 16. Bh4 Qe8 17. Qb4 Nc5 18. Nd4 Bd7 19. a4 Nxa4 20. Nb5 Nxc3 21. bxc3 Bxb5 22. Bxb5 Qc8 23. Be7 h6 24. Bxf8 Bxf8 25. Qb3 Qc5+ 26. Kh1 a5 27. h3 Rc8 28. Rac1 Qe3 29. Qb2 Bc5 30. Rf3 Qe4 31. Rcf1 Kg7 32. Bd3 Qa4 33. Ra1 Qc6 34. Bb5 Qc7 35. Rc1 Qe7 36. Qc2 Qd8 37. Rd3 Qh4 38. Rf1 Qe7 39. c4 dxc4 40. Qxc4 Rc7 41. Qe4 Bb4 42. Rg3 Kf8 43. Qa8+ Kg7 44. Bd3 Rc3 45. Rff3 Rc1+ 46. Kh2 Be1 47. Rg4 h5 48. Rg5 Bh4 49. Rgg3 Bxg3+ 50. Rxg3 Qc5 51. Qe4 Qg1# 0-1

[Event "RN-2018-0-01460"]
[Site "LSS email"]
[Date "2018.08.15"]
[Round "?"]
[White "Kuttner, Jaromir"]
[Black "Stehling, Eva"]
[Result "0-1"]
[WhiteElo "884"]
[BlackElo "959"]
[PlyCount "50"]
[EventDate "2018.07.30"]
[EventType "tourn (corr)"]
[EventRounds "6"]
[EventCountry "GER"]
[SourceTitle "Corr 2022"]
[Source "ChessBase"]
[SourceDate "2021.10.24"]
[SourceVersion "1"]
[SourceVersionDate "2021.10.24"]
[SourceQuality "1"]

1. e4 d6 2. d4 Nf6 3. Nc3 g6 4. Be3 Bg7 5. g3 b6 6. Bg2 Bb7 7. h3 0-0 8. f4 c5 9. Nge2 cxd4 10. Nxd4 Qd7 11. 0-0 Nc6 12. g4 Nxd4 13. Bxd4 Rac8 14. Rc1 Rc7 15. Qe2 Rfc8 16. Nb5 Ba6 17. a4 Rc4 18. Bxf6 Bxf6 19. e5 dxe5 20. fxe5 Bg7 21. b3 Bxb5 22. axb5 R4c5 23. Bc6 Qd4+ 24. Kg2 Qxe5 25. Qd3 Rc3 0-1

[Event "RN-2018-0-01460"]
[Site "LSS email"]
[Date "2018.08.14"]
[Round "?"]
[White "Stehling, Eva"]
[Black "Vontina, Maria"]
[Result "1-0"]
[WhiteElo "959"]
[BlackElo "768"]
[PlyCount "45"]
[EventDate "2018.07.30"]
[EventType "tourn (corr)"]
[EventRounds "6"]
[EventCountry "GER"]
[SourceTitle "Corr 2022"]
[Source "ChessBase"]
[SourceDate "2021.10.24"]
[SourceVersion "1"]
[SourceVersionDate "2021.10.24"]
[SourceQuality "1"]

1. d4 Nf6 2. c4 d5 3. cxd5 Nxd5 4. e4 Nb6 5. Nf3 g6 6. Be2 Bg7 7. Nc3 0-0 8. 0-0 a6 9. Be3 N6d7 10. Rc1 Nc6 11. a3 e6 12. d5 exd5 13. exd5 Nce5 14. Ne4 Nxf3+ 15. Bxf3 Bxb2 16. Rc2 Bxa3 17. Qa1 Bd6 18. Nxd6 cxd6 19. Bh6 Ne5 20. Bxf8 Kxf8 21. Bd1 Bf5 22. Re2 Nd3 23. Qh8# 1-0

[Event "RN-2018-0-01452"]
[Site "LSS email"]
[Date "2018.07.16"]
[Round "?"]
[White "Neil, Charles"]
[Black "Stehling, Eva"]
[Result "1/2-1/2"]
[WhiteElo "426"]
[BlackElo "962"]
[PlyCount "116"]
[EventDate "2018.06.30"]
[EventType "tourn (corr)"]
[EventRounds "6"]
[EventCountry "GER"]
[SourceTitle "Corr 2022"]
[Source "ChessBase"]
[SourceDate "2021.10.24"]
[SourceVersion "1"]
[SourceVersionDate "2021.10.24"]
[SourceQuality "1"]

1. e4 d6 2. d4 g6 3. h3 Bg7 4. Nf3 Nf6 5. Bd3 c5 6. dxc5 dxc5 7. Be3 0-0 8. Nc3 b6 9. e5 Nfd7 10. Be4 Nc6 11. Bxc6 Rb8 12. Bxd7 Bxd7 13. Bf4 e6 14. 0-0 Qc7 15. Re1 Bc6 16. Qe2 Rfd8 17. Ne4 Rd5 18. Bg3 Rbd8 19. Nd6 Bf8 20. c4 R5xd6 21. exd6 Bxd6 22. Bxd6 Rxd6 23. Qe3 Bb7 24. Rad1 Rxd1 25. Rxd1 Kg7 26. Qe5+ Qxe5 27. Nxe5 Kf6 28. Ng4+ Ke7 29. f3 a6 30. Kf2 b5 31. cxb5 axb5 32. Ke3 f5 33. Nf2 e5 34. Nd3 Kd6 35. a3 Bd5 36. Nf2 Kc6 37. Nd3 Kd6 38. Kd2 Bb3 39. Kc3 Bxd1 40. b4 c4 41. Ne1 Kd5 42. g4 fxg4 43. hxg4 h5 44. Kd2 Bb3 45. Ke3 hxg4 46. fxg4 g5 47. Nf3 Bd1 48. Nxg5 Bxg4 49. Ne4 Bf5 50. Nc3+ Kc6 51. Kf3 Bd3 52. Kg4 e4 53. Kf4 Bc2 54. Nxe4 Kd5 55. Nc3+ Kd4 56. Nxb5+ Kd3 57. Nd6 c3 58. Nb5 Ba4 1/2-1/2

[Event "RN-2018-0-01452"]
[Site "LSS email"]
[Date "2018.07.15"]
[Round "?"]
[White "Stehling, Eva"]
[Black "Tolnai, Rudolf"]
[Result "0-1"]
[WhiteElo "962"]
[BlackElo "893"]
[PlyCount "82"]
[EventDate "2018.06.30"]
[EventType "tourn (corr)"]
[EventRounds "6"]
[EventCountry "GER"]
[SourceTitle "Corr 2022"]
[Source "ChessBase"]
[SourceDate "2021.10.24"]
[SourceVersion "1"]
[SourceVersionDate "2021.10.24"]
[SourceQuality "1"]

1. d4 d5 2. c4 Nf6 3. cxd5 Nxd5 4. e4 Nf6 5. Nc3 h6 6. Nf3 Bg4 7. Be2 Bxf3 8. Bxf3 e6 9. 0-0 c6 10. Re1 Bb4 11. a3 Ba5 12. b4 Bb6 13. Be3 0-0 14. Rc1 Na6 15. Na4 Bc7 16. Nc5 Nxc5 17. bxc5 Qd7 18. Rb1 b6 19. cxb6 axb6 20. a4 Rfd8 21. Qc2 Ne8 22. Rec1 c5 23. dxc5 bxc5 24. Qxc5 Rxa4 25. e5 Ra5 26. Qc3 Qd3 27. Qb4 Qa3 28. Qxa3 Rxa3 29. Bc6 Bxe5 30. g3 Nf6 31. Bf3 Bd4 32. Rd1 e5 33. Bxd4 exd4 34. Bg2 d3 35. Rd2 g5 36. Rbd1 Ng4 37. Bf1 Ne5 38. Kg2 g4 39. h3 h5 40. hxg4 hxg4 41. Kg1 Nf3+ 0-1

[Event "RF-2018-0-00439"]
[Site "LSS email"]
[Date "2018.06.26"]
[Round "?"]
[White "Caviglia, Maximiliano"]
[Black "Stehling, Eva"]
[Result "0-1"]
[WhiteElo "1192"]
[BlackElo "962"]
[PlyCount "44"]
[EventDate "2018.06.05"]
[EventType "tourn (corr)"]
[EventRounds "6"]
[EventCountry "GER"]
[SourceTitle "Corr 2022"]
[Source "ChessBase"]
[SourceDate "2021.10.24"]
[SourceVersion "1"]
[SourceVersionDate "2021.10.24"]
[SourceQuality "1"]

1. d4 d5 2. Bf4 Nf6 3. Nf3 Bg4 4. Nbd2 h6 5. h3 Bxf3 6. Nxf3 e6 7. e3 Bd6 8. Ne5 Nc6 9. Nxc6 bxc6 10. Bxd6 cxd6 11. Be2 0-0 12. 0-0 c5 13. b3 cxd4 14. exd4 Ne4 15. Bd3 Nc3 16. Qh5 Qf6 17. f4 Rab8 18. g4 Qxd4+ 19. Kh1 Ne4 20. Qh4 Nd2 21. Rfd1 Qxf4 22. Kg1 Nf3+ 0-1

[Event "RF-2018-0-00439"]
[Site "LSS email"]
[Date "2018.06.24"]
[Round "?"]
[White "Stehling, Eva"]
[Black "D'Emilia, Jack"]
[Result "0-1"]
[WhiteElo "962"]
[BlackElo "897"]
[PlyCount "60"]
[EventDate "2018.06.05"]
[EventType "tourn (corr)"]
[EventRounds "6"]
[EventCountry "GER"]
[SourceTitle "Corr 2022"]
[Source "ChessBase"]
[SourceDate "2021.10.24"]
[SourceVersion "1"]
[SourceVersionDate "2021.10.24"]
[SourceQuality "1"]

1. d4 d5 2. c4 Nf6 3. Nc3 Nc6 4. cxd5 Nxd5 5. e4 Nxc3 6. bxc3 e6 7. Nf3 Be7 8. Bd3 0-0 9. 0-0 a6 10. Rb1 b5 11. Bf4 Bd6 12. Bxd6 cxd6 13. Qd2 Qa5 14. Qc2 e5 15. Rfe1 Bd7 16. Qb3 Rac8 17. dxe5 Be6 18. c4 Nxe5 19. Nxe5 dxe5 20. Qb4 Qxb4 21. Rxb4 Rfd8 22. Bf1 bxc4 23. Rc1 c3 24. Bxa6 Rc5 25. a4 c2 26. Kf1 Rd1+ 27. Ke2 Rxc1 28. Rb8+ Bc8 29. Bxc8 Re1+ 30. Kf3 g6 0-1